000 00494nam a22001937a 4500
003 MPLRDC
005 20220104142413.0
008 210129b ||||| |||| 00| 0 eng d
020 _a986-134-108-8
082 _a494.35 KIN
100 _aW.J.KING
245 _a最重要的工作书
_c齐立文 译
250 _a初版
260 _a台湾
_b先觉出版股份有限公司
_c2008
300 _b131
490 _a商战系列. 063
650 _a职场成功法
942 _cBK
_o494.35 KIN
999 _c30620
_d30610